Visualizzazione normale
Vista MARC
- Fois L.
di Personal Name
Records bibliografici associati: 1
001 - CONTROL NUMBER
- control field: 1982
003 - CONTROL NUMBER IDENTIFIER
- control field: IT-RoPau
005 - DATE AND TIME OF LATEST TRANSACTION
- control field: 20131114153111.0
008 - FIXED-LENGTH DATA ELEMENTS
- fixed length control field: 131114|| aca||aabn | a|a d
040 ## - CATALOGING SOURCE
- Original cataloging agency: IT-RoPau
- Transcribing agency: IT-RoPau
100 ## - HEADING--PERSONAL NAME
- Personal name: Fois L.
- Dates associated with a name: Codice autore testo/musica SPICS: 2321
- Relator term: Autore testo/musica
- Name of part/section of a work: Do I do
670 ## - SOURCE DATA FOUND
- Source citation: Work cat.: (IT-RoPau)99936: AA.VV. 794, Disco Mix 12' (Lp Fulltime Records promozionale)